Visualizzazione normale
Vista MARC
- Conversaciones de Toledo
di Meeting Name
Records bibliografici associati: 2
001 - CONTROL NUMBER
- control field: 2936
003 - CONTROL NUMBER IDENTIFIER
- control field: IT-RoINE
005 - DATE AND TIME OF LATEST TRANSACTION
- control field: 20140115130953.0
008 - FIXED-LENGTH DATA ELEMENTS
- fixed length control field: 140114|| aca||aabn | a|a d
040 ## - CATALOGING SOURCE
- Original cataloging agency: IT-RoINE
- Transcribing agency: IT-RoINE
111 ## - HEADING--MEETING NAME
- Meeting name or jurisdiction name as entry element: Conversaciones de Toledo
- Date of meeting: (1981.
- Location of meeting: España)
670 ## - SOURCE DATA FOUND
- Source citation: Work cat.: (IT-RoINE)0: Conversaciones de Toledo, 1980.